<?xml version="1.0" encoding="UTF-8"?>
<record
    xmlns:xsi="http://www.w3.org/2001/XMLSchema-instance"
    xsi:schemaLocation="http://www.loc.gov/MARC21/slim http://www.loc.gov/standards/marcxml/schema/MARC21slim.xsd"
    xmlns="http://www.loc.gov/MARC21/slim">

  <leader>00550nam a22001817a 4500</leader>
  <controlfield tag="005">20260420154215.0</controlfield>
  <controlfield tag="008">260420b        |||||||| |||| 00| 0 eng d</controlfield>
  <datafield tag="020" ind1=" " ind2=" ">
    <subfield code="a">9780412158100</subfield>
  </datafield>
  <datafield tag="050" ind1=" " ind2=" ">
    <subfield code="a">TN 269 .P37 1979</subfield>
    <subfield code="b">C.1</subfield>
  </datafield>
  <datafield tag="100" ind1=" " ind2=" ">
    <subfield code="a">Parasnis, D. S.</subfield>
  </datafield>
  <datafield tag="245" ind1=" " ind2=" ">
    <subfield code="a">Principles of Applied Geophysics</subfield>
  </datafield>
  <datafield tag="250" ind1=" " ind2=" ">
    <subfield code="a">Third Edition</subfield>
  </datafield>
  <datafield tag="260" ind1=" " ind2=" ">
    <subfield code="a">London</subfield>
    <subfield code="b">Chapman and Hall</subfield>
    <subfield code="c">1979</subfield>
  </datafield>
  <datafield tag="300" ind1=" " ind2=" ">
    <subfield code="a">x, 275p.:ill.</subfield>
  </datafield>
  <datafield tag="500" ind1=" " ind2=" ">
    <subfield code="a">Includes bibliographical references and index</subfield>
  </datafield>
  <datafield tag="650" ind1=" " ind2=" ">
    <subfield code="a">1. Prospecting - Geophysical methods. 2. Geophysics.</subfield>
  </datafield>
  <datafield tag="942" ind1=" " ind2=" ">
    <subfield code="2">lcc</subfield>
    <subfield code="c">BK</subfield>
  </datafield>
  <datafield tag="999" ind1=" " ind2=" ">
    <subfield code="c">217028</subfield>
    <subfield code="d">217028</subfield>
  </datafield>
  <datafield tag="952" ind1=" " ind2=" ">
    <subfield code="0">0</subfield>
    <subfield code="1">0</subfield>
    <subfield code="2">lcc</subfield>
    <subfield code="4">0</subfield>
    <subfield code="6">TN0269 P37  01979</subfield>
    <subfield code="7">0</subfield>
    <subfield code="8">SCT</subfield>
    <subfield code="9">377156</subfield>
    <subfield code="a">KSUL</subfield>
    <subfield code="b">KSUL</subfield>
    <subfield code="d">2026-04-20</subfield>
    <subfield code="i">113111</subfield>
    <subfield code="l">0</subfield>
    <subfield code="o">TN 269 .P37 1979</subfield>
    <subfield code="p">A001952</subfield>
    <subfield code="r">2026-04-20 15:45:21</subfield>
    <subfield code="t">C.1</subfield>
    <subfield code="w">2026-04-20</subfield>
    <subfield code="y">BK</subfield>
  </datafield>
  <datafield tag="952" ind1=" " ind2=" ">
    <subfield code="0">0</subfield>
    <subfield code="1">0</subfield>
    <subfield code="2">lcc</subfield>
    <subfield code="4">0</subfield>
    <subfield code="6">TN0269 P37  01979</subfield>
    <subfield code="7">0</subfield>
    <subfield code="8">SCT</subfield>
    <subfield code="9">377158</subfield>
    <subfield code="a">KSUL</subfield>
    <subfield code="b">KSUL</subfield>
    <subfield code="d">2026-04-20</subfield>
    <subfield code="i">113112</subfield>
    <subfield code="l">0</subfield>
    <subfield code="o">TN 269 .P37 1979</subfield>
    <subfield code="p">A001951</subfield>
    <subfield code="r">2026-04-20 15:45:00</subfield>
    <subfield code="t">C.2</subfield>
    <subfield code="w">2026-04-20</subfield>
    <subfield code="y">BK</subfield>
  </datafield>
  <datafield tag="952" ind1=" " ind2=" ">
    <subfield code="0">0</subfield>
    <subfield code="1">0</subfield>
    <subfield code="2">lcc</subfield>
    <subfield code="4">0</subfield>
    <subfield code="6">TN0269 P37  01979</subfield>
    <subfield code="7">0</subfield>
    <subfield code="8">SCT</subfield>
    <subfield code="9">377159</subfield>
    <subfield code="a">KSUL</subfield>
    <subfield code="b">KSUL</subfield>
    <subfield code="d">2026-04-20</subfield>
    <subfield code="i">113113</subfield>
    <subfield code="l">0</subfield>
    <subfield code="o">TN 269 .P37 1979</subfield>
    <subfield code="p">A001950</subfield>
    <subfield code="r">2026-04-20 15:45:00</subfield>
    <subfield code="t">C.3</subfield>
    <subfield code="w">2026-04-20</subfield>
    <subfield code="y">BK</subfield>
  </datafield>
  <datafield tag="952" ind1=" " ind2=" ">
    <subfield code="0">0</subfield>
    <subfield code="1">0</subfield>
    <subfield code="2">lcc</subfield>
    <subfield code="4">0</subfield>
    <subfield code="6">TN0269 P37  01979</subfield>
    <subfield code="7">0</subfield>
    <subfield code="8">SCT</subfield>
    <subfield code="9">377161</subfield>
    <subfield code="a">KSUL</subfield>
    <subfield code="b">KSUL</subfield>
    <subfield code="d">2026-04-20</subfield>
    <subfield code="i">113114</subfield>
    <subfield code="l">0</subfield>
    <subfield code="o">TN 269 .P37 1979</subfield>
    <subfield code="p">A001949</subfield>
    <subfield code="r">2026-04-20 15:45:00</subfield>
    <subfield code="t">C.4</subfield>
    <subfield code="w">2026-04-20</subfield>
    <subfield code="y">BK</subfield>
  </datafield>
  <datafield tag="952" ind1=" " ind2=" ">
    <subfield code="0">0</subfield>
    <subfield code="1">0</subfield>
    <subfield code="2">lcc</subfield>
    <subfield code="4">0</subfield>
    <subfield code="6">TN0269 P37  01979</subfield>
    <subfield code="7">0</subfield>
    <subfield code="8">SCT</subfield>
    <subfield code="9">377162</subfield>
    <subfield code="a">KSUL</subfield>
    <subfield code="b">KSUL</subfield>
    <subfield code="d">2026-04-20</subfield>
    <subfield code="i">113115</subfield>
    <subfield code="l">0</subfield>
    <subfield code="o">TN 269 .P37 1979</subfield>
    <subfield code="p">A001947</subfield>
    <subfield code="r">2026-04-20 15:53:25</subfield>
    <subfield code="t">C.5</subfield>
    <subfield code="w">2026-04-20</subfield>
    <subfield code="y">BK</subfield>
  </datafield>
</record>
